বাংলা সাহিত্যের ইতিবৃত্ত : (Record no. 37994)
[ view plain ]
| 000 -LEADER | |
|---|---|
| fixed length control field | 01158nam a2200253 a 4500 |
| 001 - CONTROL NUMBER | |
| control field | 37994 |
| 003 - CONTROL NUMBER IDENTIFIER | |
| rucl marc code | BD-RjUL |
| 005 - DATE AND TIME OF LATEST TRANSACTION | |
| control field | 20211209052713.0 |
| 008 - FIXED-LENGTH DATA ELEMENTS--GENERAL INFORMATION | |
| fixed length control field | 160716s1964 bg ||||| |||| 001 0 ben d |
| 035 ## - SYSTEM CONTROL NUMBER | |
| System control number | (BD-RjUL)38099 |
| 040 ## - CATALOGING SOURCE | |
| Original cataloging agency | BD-RjUL |
| Language of cataloging | ben |
| Transcribing agency | BD-RjUL |
| 041 ## - LANGUAGE CODE | |
| Language code of text/sound track or separate title | ben |
| 082 ## - DEWEY DECIMAL CLASSIFICATION NUMBER | |
| Classification number | 891.4409 |
| Author mark and year | HAB 1964 |
| 100 ## - MAIN ENTRY--PERSONAL NAME | |
| Personal name | হাই, মুহাম্মদ আবদুল |
| 9 (RLIN) | 116992 |
| 245 ## - TITLE STATEMENT | |
| Title | বাংলা সাহিত্যের ইতিবৃত্ত : |
| Remainder of title | (আধুনিক যুগ) / |
| Statement of responsibility, etc. | মুহাম্মদ আবদুল হাই, সৈয়দ আলী আহসান |
| 250 ## - EDITION STATEMENT | |
| Edition statement | ২য় সং. |
| 260 ## - PUBLICATION, DISTRIBUTION, ETC. (IMPRINT) | |
| Place of publication, distribution, etc. | বাংলাবাজার, ঢাকা : |
| Name of publisher, distributor, etc. | ষ্টুডেণ্ট ওয়েজ, |
| Date of publication, distribution, etc. | ১৯৬৪ |
| 300 ## - PHYSICAL DESCRIPTION | |
| Pagination | [১২], ৪৪৭, পৃ. ; |
| Size | ২২ সেমি. |
| 500 ## - GENERAL NOTE | |
| General note | নির্ঘণ্ট সংযুক্ত । |
| 650 ## - SUBJECT ADDED ENTRY--TOPICAL TERM | |
| Topical term or geographic name as entry element | বাংলা সাহিত্য |
| Form subdivision | ইতিহাস ও সমালোচনা |
| 9 (RLIN) | 117446 |
| Topical term or geographic name as entry element | Bengali literature |
| Form subdivision | History and criticism |
| 9 (RLIN) | 117446 |
| 700 ## - ADDED ENTRY--PERSONAL NAME | |
| Personal name | আহসান, সৈয়দ আলী |
| 942 ## - ADDED ENTRY ELEMENTS (KOHA) | |
| Source of classification or shelving scheme | Dewey Decimal Classification |
| Koha item type | Books |
| Lost status | Source of classification or shelving scheme | Damaged status | Not for loan | Collection code | Permanent Location | Current Location | Shelving location | Date acquired | Source of acquisition | Total Checkouts | Full call number | Date last seen | Date checked out | Copy number | Koha item type | Cost, normal purchase price |
|---|---|---|---|---|---|---|---|---|---|---|---|---|---|---|---|---|
| Dewey Decimal Classification | Non-fiction | Central Library, University of Rajshahi | Central Library, University of Rajshahi | 23/08/2015 | Bangla Academy, Dhaka | 1 | B 891.4409 HAB 1964 | 13/09/2015 | 24/08/2015 | C-2 | Books | |||||
| Dewey Decimal Classification | Non-fiction | Central Library, University of Rajshahi | Central Library, University of Rajshahi | 03/10/1964 | Orient library | 1 | B 891.4409 HAB 1964 | 03/08/2017 | 23/07/2017 | C-3 | Books | 10.00 | ||||
| Dewey Decimal Classification | Non-fiction | Central Library, University of Rajshahi | Central Library, University of Rajshahi | 07/11/2015 | B 891.4409 HAB 1964 | 07/11/2015 | C-4 | Books | ||||||||
| Dewey Decimal Classification | Non-fiction | Central Library, University of Rajshahi | Central Library, University of Rajshahi | 12/01/1965 | Ideal | 1 | B 891.4409 HAB 1964 | 17/07/2017 | 17/07/2017 | C-5 | Books | 10.00 | ||||
| Dewey Decimal Classification | Non-fiction | Central Library, University of Rajshahi | Central Library, University of Rajshahi | 11/02/1967 | Nowrose, Dhaka. | B 891.4409 HAB 1964 | 07/11/2016 | C-6 | Books | 10.00 | ||||||
| Dewey Decimal Classification | Non-fiction | Central Library, University of Rajshahi | Central Library, University of Rajshahi | 19/02/1965 | Ideal Library | B 891.4409 HAB 1964 | 07/11/2016 | C-7 | Books | 10.00 | ||||||
| Dewey Decimal Classification | Non-fiction | Central Library, University of Rajshahi | Central Library, University of Rajshahi | 12/01/1965 | Ideal Library, | B 891.4409 HAB 1964 | 28/11/2016 | C-8 | Books | 10.00 | ||||||
| Dewey Decimal Classification | Not For Loan | Non-fiction | Central Library, University of Rajshahi | Central Library, University of Rajshahi | Reading Room | 12/01/1965 | Ideal | B 891.4409 HAB 1964 | 19/09/2021 | C-1 | Books | 10.00 | ||||
| Dewey Decimal Classification | Non-fiction | Central Library, University of Rajshahi | Central Library, University of Rajshahi | General Stacks | 12/01/1965 | Ideal Lidrary,Dhaka. | B 891.4409 HAB 1964 | 06/11/2022 | C-9 | Books | 10.00 |